000 04677cam a22007214i 4500
003 PE-LiUPU
005 20250731170457.0
008 130925s2012 sp a rb 000 0 spa d
020 _a8436827740
020 _a9788436827743
035 _a(Sirsi) i9788436827743
040 _aPE-LiUPU
_bspa
_cPE-LiUPU
_dPE-LiUPU
_erda
049 _aPRUA
082 0 4 _a152.3
_bB39
100 1 _aBernaldo de Quiróz Aragón, Mónica,
_eautor.
245 1 0 _aPsicomotricidad :
_bguía de evaluación e intervención /
_cMónica Bernaldo de Quiróz Aragón.
264 1 _aMadrid :
_bPirámide,
_c2012.
300 _a220 páginas :
_bilustraciones ;
_c24 centímetros.
336 _atext
_2rdacontent
337 _aunmediated
_2rdamedia
338 _avolume
_2rdacarrier
490 0 _aPsicología
504 _aIncluye bibliografía al final de cada capítulo.
505 0 _a Marco teórico y conceptual -- Introducción general a la psicomotricidad -- El concepto de psicomotricidad -- Historia de la psicomotricidad y de la reeducación psicomotriz -- Desarrollo de la psicomotricidad en Europa y España -- Contenidos psicomotores -- Guía general de evaluación e intervención psicomotriz -- La sesión de psicomotricidad -- La sala de psicomotricidad -- Estructura de la sesión -- Intervención individual o grupal -- La evaluación psicomotriz -- La entrevista -- La observación psicomotriz -- Técnicas cuantitativas -- El informe psicomotor -- Los objetivos de intervención -- Área motora -- Área cognitiva -- Área socioafectiva -- El psicomotricista -- La formación del psicomotricista -- Competencias a desarrollar -- La intervención del psicomotricista en la sesión de psicomotricidad -- Ámbitos de trabajo -- La danza La expresión plástica -- Técnicas de intervención -- El juego -- El cuento vivenciado -- La relajación -- La eutonía de Gerda Alexander -- Guía de evaluación e intervención psicomotriz en la discapacidad -- Intervención psicomotriz en parálisis cerebral -- Desarrollo psicomotor -- Evaluación psicomotriz -- Intervención psicomotriz -- Intervención psicomotriz en trastorno mental severo -- Características psicomotrices -- Evaluación psicomotriz -- Intervención psicomotriz -- Intervención psicomotriz en síndrome de Down -- Desarrollo psicomotriz -- Evaluación psicomotriz -- Intervención psicomotriz -- Intervención psicomotriz en ceguera -- Desarrollo psicomotriz -- Evaluación psicomotriz -- Intervención psicomotriz -- Intervención psicomotriz en ancianos -- Cambios psicomotores -- Evaluación psicomotriz -- Intervención psicomotriz.
526 _aSEG68
526 _aSEG70
526 _aSEG69
526 _aSEG67
526 _aSEG43
526 _aP144
526 _aP143
526 _aP131
526 _aP122
526 _aP120
526 _aP117
526 _aP112
526 _aP110
526 _aP106
526 _aP101
526 _aP80
526 _aP59
526 _aP54
526 _aP35
526 _aP33
526 _aP30
541 _g0010039192;
541 _g001-000126;
650 0 4 _aPsicomotricidad
650 0 4 _aEducación psicomotriz
910 _agl
_b
_clch
_d20130925
910 _acce
_bjvq
_ccce
_d20150616
942 _2ddc
_cBOOK
949 _a152.3 B39 2012
_wDEWEY
_c1
_iFJ00011
_lCCODEBUJ1
_mBUJ
_p32.70
_r0
_sY
_tBOOK
_u2015-06-16
_xSALUD
_PP33
_0COMPRA
_o.STAFF. Colección General Juliaca
949 _a152.3 B39 2012
_wDEWEY
_c2
_iFJ09767
_lCCODEBUJ1
_mBUJ
_p38.00
_r0
_sY
_tBOOK
_u2013-09-25
_xSALUD
_PP33
_0COMPRA
_o.STAFF. Colección General Juliaca
994 _aC0
_bPEPRU
596 _a1 3
999 _a152.3 B39
_wDEWEY
_c55727
_i68321
_d55727
_e2018-11-13
_f2021-11-3
_g5
_lCCODEBUL1
_mBUL
_n10
_p38.00
_q3
_r0
_sY
_tBOOK
_u2013-9-25
_xSALUD
_zP33
_0COMPRA
_o.STAFF. Colección Ciencias de la Salud
999 _a152.3 B39
_wDEWEY
_c2
_i73880
_d2019-4-17
_e2019-4-9
_f2021-11-3
_g5
_lCCODEBUL1
_mBUL
_n2
_p33.50
_q1
_r0
_sY
_tBOOK
_u2016-7-18
_xSALUD
_zP20
_0COMPRA
_o.STAFF. Colección Ciencias de la Salud
999 _a152.3 B39 2012
_wDEWEY
_c1
_iFJ00011
_d2019-4-16
_e2018-10-25
_f2022-1-17
_g4
_lCCODEBUJ1
_mBUJ
_n2
_p32.70
_q2
_r0
_sY
_tBOOK
_u2015-6-16
_xSALUD
_PP33
_0COMPRA
_o.STAFF. Colección General Juliaca
999 _a152.3 B39 2012
_wDEWEY
_c2
_iFJ09767
_d2019-5-21
_e2019-4-22
_f2022-1-17
_g4
_lCCODEBUJ1
_mBUJ
_n2
_p38.00
_q3
_r0
_sY
_tBOOK
_u2015-12-11
_xSALUD
_PP33
_o.STAFF. Colección General Juliaca
980 _81
_gALBERTO SANCHEZ Responsable de Automatización